000 01949nam a22003737i 4500
003 DO-SdBNP
005 20260517235524.0
007 ta
008 240513b2009 dr abc|| |||| 00| 0 eng d
020 _a9789945445060
040 _aDO-SdBNP
_bspa
_cBNPHU
_erda
041 _aspa
082 0 4 _a352.27294097293
_bA469e
_223
100 1 _aAltuna Tezanos, Carlos Rafael
_d1960-
_eautor
_985446
245 1 0 _aLa española :
_bdestino de dos culturas (inmigración haitiana y seguridad nacional) /
_cCarlos Rafael Altuna Tezanos ; prólogo Pelegrín H. Castillo Semán ; edición Sócrates Suazo Ruíz ; corrección José Galván.
264 4 _aSanto Domingo, República Dominicana :
_bEdita Libros, Editores Impresores,
_c©2009
300 _axviii, 251 páginas :
_bilustraciones, mapas, retratos ;
_c22 cm
336 _asin mediación
_bn
_2rdacontent
337 _asin mediación
_bn
_2rdamedia
338 _avolumen
_bnc
_2rdacarrier
500 _aIncluye datos biográficos de la autor en las solapas
500 _aIncluye referencias bibliográficas y notas al pie de las páginas
504 _aBibliografía : p. 249-251
505 0 _aPrólogo -- Introducción -- La Española: génesis de dos naciones -- Seguridad transnacional y supervivencia del estado -- Frontera: desafío al sistema de vigilancia de Haití -- Efectos de la inmigración haitiana en la República Dominicana -- Reflexiones -- Apéndice .
590 _aInventariado, 2024 /LP
651 4 _aIsla Española (Haití y República Dominicana)
_xHistoria
_938883
651 7 _2Lemb
_aHaití
_xEmigración e inmigración
_zRepública Dominicana
_95922
651 4 _aIsla Española (Haití y República Dominicana)
_xCondiciones sociales
_985448
700 1 _aCastillo Semán, Pelegrín H.
_eprologuista
_4pr.
_985440
700 1 _aSuazo Ruíz, Sócrates,
_eedición
_910239
700 1 _aGalván, José,
_e corrección
_922673
910 _alpérez
942 _2ddc
_cLBS1
_e23
999 _c56642
_d56642